Statistiques concernant Culture Générale - Série 219

Cliquez ici pour prendre le quiz!

Statistiques générales

  • Ce quiz a été pris 55 fois
  • Le résultat moyen est 4 sur 10

Statistiques - réponses

QuestionRéponse% Correct
Que voudrait-elle faire "en paix" selon Stephan Eicher en 1991 ?Déjeuner
77%
Selon l'expression, quels oiseaux mange-t-on "faute de grives" ?Des merles
64%
Comment sont les "nuits" qui ont reçu le césar du meilleur film en 1993 ?Fauves
49%
Quel chanteur interprète "Puisque tu pars" en 1987 ?Jean Jacques Goldman
47%
En 1994, quelle comédienne embrasse un séropositif lors du Sidaction ?Clémentine Célarié
40%
Quel chanteur interprète "A présent tu peux t'en aller" en 1964 ?Richard Anthony
40%
Qui appelez-vous en composant le 115 ?Le SAMU social
23%
Qui interprète la chanson "The Rhythm of the Night" en 1994 ?Corona
19%
Qui interprète la chanson "Kili Watch" en 1960 ?Johnny Hallyday
15%
Qui interprète la chanson "Parle-moi" en 2000 ?Isabelle Boulay
15%

Distribution des résultats

Percentile par nombre de réponses

% des personnes avec chaque résultat

Votre développement - résultats

Vous n’avez pas pris ce quiz